[Event "Damhusmesterskabet Gruppe D 2011"]
[Site "Rodovre"]
[Date "2011.09.06"]
[Round "1"]
[White "Grum Schwensen, Jens"]
[Black "Stentsoe, Daniel"]
[Result "1-0"]
[WhiteElo "1300"]
[BlackElo "1000"]
[PlyCount "71"]
[EventDate "2011.??.??"]


1. c4 e5 2. Nc3 d6 3. Nf3 Nc6 4. d4 exd4 5. Nxd4 Nxd4 6. Qxd4 c5 7. Qd1 Be6 8.
e4 Nf6 9. Bd3 Ng4 10. Be2 Qh4 11. Bxg4 Bxg4 12. Qd3 Be7 13. Nd5 Bd8 14. Bf4 Kd7
15. Bg3 Qg5 16. O-O Bf6 17. Rab1 Rhd8 18. b4 cxb4 19. Rxb4 b6 20. a4 Qh5 21.
Nxf6+ gxf6 22. Qxd6+ Ke8 23. Qxf6 Rd1 24. Qc6+ Bd7 25. Qxa8+ Ke7 26. Rb1 Bxa4
27. Qxa7+ Kf6 28. Qxb6+ Kg7 29. Rbxd1 Bxd1 30. Qd4+ f6 31. Qxd1 Qc5 32. Qd5 Qb4
33. c5 Kf8 34. c6 Qa4 35. Qd8+ Kf7 36. c7 1-0

[Event "Damhusmesterskabet Gruppe D 2011"]
[Site "Rodovre"]
[Date "2011.09.06"]
[Round "1"]
[White "Breinholt, Bendt"]
[Black "Jorgensen, Henry Lund"]
[Result "0-1"]
[WhiteElo "1000"]
[BlackElo "1316"]
[PlyCount "54"]
[EventDate "2011.??.??"]


1. e4 c6 2. a4 e5 3. Nc3 d5 4. Nf3 d4 5. Ne2 Qa5 6. c3 Nf6 7. d3 Bg4 8. Bd2
Nbd7 9. Rb1 Bxf3 10. b4 Qc7 11. gxf3 c5 12. Rc1 a6 13. cxd4 exd4 14. Nxd4 Qd8
15. bxc5 Nxc5 16. Rc4 Nfd7 17. Qe2 Ne5 18. Qe3 Nxc4 19. dxc4 Nxa4 20. Bh3 Bc5
21. Qf4 Qxd4 22. Ke2 Qxf2+ 23. Kd3 Rd8+ 24. Kc2 O-O 25. Rd1 Qd4 26. Kb3 Qb2+
27. Kxa4 Qa3# 0-1

[Event "Damhusmesterskabet Gruppe D 2011"]
[Site "Rodovre"]
[Date "2011.09.06"]
[Round "1"]
[White "Wadtland, Flemming"]
[Black "Nielsen, Niels Holger"]
[Result "0-1"]
[WhiteElo "1061"]
[BlackElo "1355"]
[PlyCount "128"]
[EventDate "2011.??.??"]


1. c4 c5 2. g3 Nc6 3. Bg2 e6 4. Nc3 Nf6 5. Nf3 d5 6. cxd5 exd5 7. d4 cxd4 8.
Nxd4 h6 9. O-O a6 10. e3 Bc5 11. Nb3 Ba7 12. Nxd5 O-O 13. Nxf6+ Qxf6 14. Qe2
Re8 15. Nd2 Bf5 16. g4 Bg6 17. Qf3 Qe6 18. Qd5 Qxg4 19. Qc4 Qxc4 20. Nxc4 Bd3
21. Nd6 Bxf1 22. Nxe8 Bxg2 23. Nf6+ gxf6 24. Kxg2 Rd8 25. b3 Rd1 26. Bb2 Rxa1
27. Bxa1 Kg7 28. Kf3 Ne5+ 29. Ke4 Ng4 30. Kf5 Ne5 31. h3 Nd7 32. Bd4 Bb8 33. f4
Bc7 34. b4 b5 35. e4 a5 36. a3 axb4 37. axb4 Bd6 38. Bc3 h5 39. h4 Kf8 40. e5
fxe5 41. fxe5 Be7 42. Be1 Nb6 43. e6 Nd5 44. exf7 Kxf7 45. Ke4 Nxb4 46. Bf2 Nc6
47. Kd5 Nd8 48. Bg3 Ne6 49. Ke4 b4 50. Kd3 Ng7 51. Kc4 Nf5 52. Be1 Nxh4 53. Bg3
Nf5 54. Bh2 Ke6 55. Kb3 Kd5 56. Bg1 h4 57. Bh2 Nd4+ 58. Kb2 Bf6 59. Kb1 Kc4 60.
Bd6 Nb3 61. Kc2 h3 62. Bh2 Nd4+ 63. Kb1 b3 64. Bb8 Nf3 0-1

[Event "Damhusmesterskabet Gruppe D 2011"]
[Site "Rodovre"]
[Date "2011.09.06"]
[Round "1"]
[White "Dyremose, Morten Sigvart"]
[Black "Hansen, Soren Sonderkaer"]
[Result "1/2-1/2"]
[WhiteElo "1115"]
[BlackElo "1300"]
[PlyCount "91"]
[EventDate "2011.??.??"]


1. e4 d5 2. exd5 Qxd5 3. Nc3 Qe5+ 4. Be2 Bg4 5. d4 Bxe2 6. Ngxe2 Qh5 7. Bf4 Na6
8. Qd2 O-O-O 9. O-O f6 10. a3 e5 11. Be3 Bc5 12. d5 Bxe3 13. Qxe3 b6 14. b4 Nh6
15. Qd3 Kb7 16. Qc4 Qe8 17. a4 Nf7 18. Rfb1 Nd6 19. Qb3 h5 20. Qa2 g6 21. b5
Nc5 22. a5 Ra8 23. axb6 axb6 24. Qxa8+ Qxa8 25. Rxa8 Rxa8 26. f3 Ra5 27. g3 Na4
28. Rb4 Nxc3 29. Nxc3 Ra3 30. Rb3 Nc4 31. Kf2 Ra1 32. Rb1 Ra8 33. h3 f5 34. Rd1
Nd6 35. Rb1 h4 36. g4 fxg4 37. fxg4 Rf8+ 38. Ke2 e4 39. Rf1 Rxf1 40. Kxf1 Kc8
41. Ke2 Kd7 42. Ke3 Ke7 43. Nxe4 Nb7 44. Kd4 Kf8 45. c4 Ke7 46. c5 1/2-1/2

[Event "Damhusmesterskabet Gruppe D 2011"]
[Site "Rodovre"]
[Date "2011.09.06"]
[Round "1"]
[White "Wisal, Zoran"]
[Black "Gemzoe, Bjorn"]
[Result "1/2-1/2"]
[WhiteElo "1375"]
[BlackElo "1343"]
[PlyCount "60"]
[EventDate "2011.??.??"]


1. d4 b6 2. e4 e6 3. Be2 Bb7 4. Bf3 d5 5. e5 Ne7 6. Bg5 Qd7 7. Nh3 Ng6 8. O-O
h6 9. Be3 Be7 10. Nf4 Nc6 11. c3 Ba6 12. Re1 Nxf4 13. Bxf4 Bg5 14. Qd2 Qe7 15.
Na3 Na5 16. g3 Nc4 17. Nxc4 Bxc4 18. b3 Ba6 19. c4 c6 20. Be2 Bb7 21. cxd5 exd5
22. Bh5 O-O 23. h4 Bxf4 24. Qxf4 Bc8 25. Qd2 Bf5 26. Bf3 Qd7 27. Bg2 Rae8 28.
Rac1 f6 29. exf6 Rxf6 30. Rxe8+ Qxe8 1/2-1/2

[Event "Damhusmesterskabet Gruppe D 2011"]
[Site "Rodovre"]
[Date "2011.09.13"]
[Round "2"]
[White "Gemzoe, Bjorn"]
[Black "Dyremose, Morten Sigvart"]
[Result "1-0"]
[WhiteElo "1343"]
[BlackElo "1115"]
[PlyCount "55"]
[EventDate "2011.??.??"]


1. e4 e5 2. d4 exd4 3. Qxd4 Nc6 4. Qe3 d6 5. Nc3 Nf6 6. h3 Be7 7. Bd2 Be6 8.
O-O-O Qd7 9. f4 g6 10. g4 Qc8 11. f5 Bd7 12. g5 Nh5 13. f6 Bf8 14. Nd5 Be6 15.
Bc3 Qd7 16. Bb5 h6 17. Ne2 Rh7 18. h4 O-O-O 19. Bxc6 Qxc6 20. Nb4 Qa4 21. a3 b6
22. Nd5 c5 23. Ne7+ Kd7 24. Rxd6+ Kc7 25. Rxd8 Kxd8 26. Rd1+ Kc7 27. Qd3 Qd7
28. Qa6 1-0

[Event "Damhusmesterskabet Gruppe D 2011"]
[Site "Rodovre"]
[Date "2011.09.13"]
[Round "2"]
[White "Nielsen, Niels Holger"]
[Black "Grum Schwensen, Jens"]
[Result "0-1"]
[WhiteElo "1355"]
[BlackElo "1300"]
[PlyCount "100"]
[EventDate "2011.??.??"]


1. d4 d5 2. c4 e6 3. Nc3 Nf6 4. Bg5 Be7 5. e3 O-O 6. Bd3 dxc4 7. Bxc4 Nd5 8.
Bxe7 Nxe7 9. Nf3 Nd7 10. O-O c6 11. e4 Re8 12. b4 Nf8 13. Rc1 b5 14. Bb3 Bb7
15. Qc2 Neg6 16. g3 Qd7 17. e5 c5 18. Qe2 c4 19. Bd1 a6 20. Qe3 Rad8 21. Ne2
Bd5 22. h4 Qb7 23. Nc3 Qe7 24. h5 Nh8 25. Nh4 h6 26. Bc2 Qg5 27. Qe2 g6 28. f4
Qxh5 29. Qxh5 gxh5 30. f5 Nh7 31. Nxd5 Rxd5 32. fxe6 Ng5 33. exf7+ Nhxf7 34.
Nf5 Ne6 35. Rf4 Nxf4 36. gxf4 h4 37. Kg2 h5 38. Be4 Rdd8 39. d5 Kf8 40. d6 Nxe5
41. fxe5 Rxe5 42. Kf3 Rxf5+ 43. Bxf5 Rxd6 44. Kf4 Rd2 45. a3 Rg2 46. Rc3 Kg7
47. Bc8 Rg3 48. Rxg3+ hxg3 49. Kxg3 Kg6 50. Kh4 c3 0-1

[Event "Damhusmesterskabet Gruppe D 2011"]
[Site "Rodovre"]
[Date "2011.09.24"]
[Round "2"]
[White "Stentsoe, Daniel"]
[Black "Breinholt, Bendt"]
[Result "1-0"]
[WhiteElo "1000"]
[BlackElo "1000"]
[PlyCount "55"]
[EventDate "2011.??.??"]


1. e4 e5 2. Nf3 Nc6 3. d3 Bc5 4. g3 Nge7 5. Nc3 d5 6. Na4 Bd6 7. exd5 Nxd5 8.
c4 Bb4+ 9. Bd2 Qf6 10. cxd5 e4 11. dxe4 Bxd2+ 12. Nxd2 O-O 13. dxc6 Qxc6 14.
Rc1 Qe6 15. Rxc7 Qxa2 16. Bc4 Qxa4 17. Qxa4 Be6 18. Bd3 Rfd8 19. Qa3 h6 20. e5
g6 21. f4 Bd5 22. Rg1 Be6 23. Kf2 Kh7 24. Rgc1 Rac8 25. Rxc8 Bxc8 26. Rc3 a6
27. Qe7 Rd7 28. Qf8 1-0

[Event "Damhusmesterskabet Gruppe D 2011"]
[Site "Rodovre"]
[Date "2011.09.13"]
[Round "2"]
[White "Wadtland, Flemming"]
[Black "Wisal, Zoran"]
[Result "1/2-1/2"]
[WhiteElo "1061"]
[BlackElo "1375"]
[PlyCount "45"]
[EventDate "2011.??.??"]


1. c4 g6 2. Nf3 Bg7 3. Nc3 e6 4. g3 b6 5. Bg2 Bb7 6. O-O Nh6 7. Re1 Nf5 8. e4
Nd4 9. Nxd4 Bxd4 10. d3 Qf6 11. Qc2 Qg7 12. Be3 Bxe3 13. Rxe3 O-O 14. Ne2 c5
15. Qc3 e5 16. f4 d6 17. Rf1 Nc6 18. Ref3 Nd4 19. Nxd4 exd4 20. Qd2 f5 21. R3f2
Rae8 22. exf5 Bxg2 23. Kxg2 1/2-1/2

[Event "Damhusmesterskabet Gruppe D 2011"]
[Site "Rodovre"]
[Date "2011.09.20"]
[Round "3"]
[White "Stentsoe, Daniel"]
[Black "Dyremose, Morten Sigvart"]
[Result "1-0"]
[WhiteElo "1000"]
[BlackElo "1115"]
[PlyCount "78"]
[EventDate "2011.??.??"]


1. e4 e5 2. Nf3 Nc6 3. Nc3 d6 4. h3 Nf6 5. Bc4 h6 6. d3 Bd7 7. Be3 Qc8 8. a3
Be6 9. Qe2 Qd7 10. O-O-O a6 11. d4 Bxc4 12. Qxc4 b5 13. Qe2 exd4 14. Bxd4 Nxd4
15. Nxd4 c5 16. Nf5 g6 17. e5 O-O-O 18. Nxd6+ Bxd6 19. Rxd6 Qb7 20. Rxf6 b4 21.
Qg4+ Kb8 22. axb4 cxb4 23. Na4 Qd5 24. Nb6 Qa2 25. Nd7+ Ka7 26. Qd4+ Ka8 27.
Kd2 Qa5 28. c3 bxc3+ 29. Qxc3 Rxd7+ 30. Rd6 Rxd6+ 31. exd6 Qd5+ 32. Qd3 Qxg2
33. Ra1 Qxf2+ 34. Qe2 Qd4+ 35. Ke1 Qb4+ 36. Kf1 Qf4+ 37. Qf2 Qc4+ 38. Kg1 Qc8
39. Rd1 Qd7 1-0

[Event "Damhusmesterskabet Gruppe D 2011"]
[Site "Rodovre"]
[Date "2011.09.20"]
[Round "3"]
[White "Hansen, Soren Sonderkaer"]
[Black "Grum Schwensen, Jens"]
[Result "1-0"]
[WhiteElo "1300"]
[BlackElo "1300"]
[PlyCount "107"]
[EventDate "2011.??.??"]


1. e4 e5 2. Nf3 Nc6 3. Bc4 Be7 4. d3 d6 5. Be3 Na5 6. Bb3 Nxb3 7. axb3 b6 8.
Nbd2 Bb7 9. O-O Nf6 10. Bg5 O-O 11. Ra4 d5 12. Nxe5 dxe4 13. d4 b5 14. Ra5 a6
15. c3 c5 16. Ra2 cxd4 17. c4 b4 18. Bxf6 Bxf6 19. Ng4 Bg5 20. f4 exf3 21. Nxf3
Bxf3 22. Qxf3 Qb6 23. Kh1 Qe6 24. Raa1 Rae8 25. Ra5 f6 26. Qd5 d3 27. Rxa6 Qxd5
28. cxd5 d2 29. Re6 Rxe6 30. dxe6 Re8 31. Nf2 Rxe6 32. g3 Be3 33. Kg2 Rd6 34.
Nd1 Kf7 35. Nxe3 Rd3 36. Nd1 Ke6 37. Rf3 Rd5 38. Kf2 f5 39. Ke2 g5 40. Rd3 Rxd3
41. Kxd3 Ke5 42. Kxd2 Ke4 43. Ke2 f4 44. g4 h6 45. Nf2+ Kd4 46. Nd3 f3+ 47. Kd2
Ke4 48. h3 Kd4 49. Nxb4 Ke4 50. Nd3 Kd4 51. b4 Kc4 52. Ne5+ Kxb4 53. Nxf3 Kc4
54. Ne1 1-0

[Event "Damhusmesterskabet Gruppe D 2011"]
[Site "Rodovre"]
[Date "2011.09.20"]
[Round "3"]
[White "Jorgensen, Henry Lund"]
[Black "Wisal, Zoran"]
[Result "0-1"]
[WhiteElo "1316"]
[BlackElo "1375"]
[PlyCount "80"]
[EventDate "2011.??.??"]


1. e4 b6 2. d4 Bb7 3. Nc3 e6 4. Nf3 Nf6 5. Bg5 Be7 6. Bxf6 Bxf6 7. e5 Bg5 8.
Bd3 a6 9. Be4 Bxe4 10. Nxe4 Be7 11. h4 h6 12. Qd2 d6 13. O-O-O d5 14. Nc3 Nd7
15. g4 g6 16. Rdg1 c5 17. Ne2 c4 18. g5 h5 19. Kb1 b5 20. c3 a5 21. Kc2 Qb6 22.
a3 b4 23. Ra1 Rb8 24. axb4 axb4 25. Rhb1 Qb5 26. Qc1 O-O 27. Ra7 Rb7 28. Rba1
Rfb8 29. Rxb7 Qxb7 30. Kd1 Ra8 31. Nd2 Nb8 32. Qb1 Nc6 33. b3 bxc3 34. Rxa8+
Qxa8 35. Nf3 cxb3 36. Nxc3 Qa3 37. Nd2 Nxd4 38. Nxb3 Qxb3+ 39. Qxb3 Nxb3 40.
Kc2 Nd4+ 0-1

[Event "Damhusmesterskabet Gruppe D 2011"]
[Site "Rodovre"]
[Date "2011.10.18"]
[Round "3"]
[White "Breinholt, Bendt"]
[Black "Wadtland, Flemming"]
[Result "0-1"]
[WhiteElo "1000"]
[BlackElo "1061"]
[PlyCount "42"]
[EventDate "2011.??.??"]


1. e4 c6 2. a4 Qc7 3. Nc3 Nf6 4. f3 e6 5. Bd3 Bd6 6. g3 g6 7. Nge2 Bc5 8. Rb1
d5 9. b4 Bd6 10. a5 Nh5 11. Rg1 f5 12. b5 fxe4 13. b6 axb6 14. axb6 Qd8 15.
fxe4 O-O 16. Rf1 Rxf1+ 17. Kxf1 Qf6+ 18. Kg2 e5 19. Qf1 Bh3+ 20. Kh1 Qxf1+ 21.
Ng1 Qg2# 0-1

[Event "Damhusmesterskabet Gruppe D 2011"]
[Site "Rodovre"]
[Date "2011.09.27"]
[Round "4"]
[White "Nielsen, Niels Holger"]
[Black "Stentsoe, Daniel"]
[Result "1-0"]
[WhiteElo "1355"]
[BlackElo "1000"]
[PlyCount "63"]
[EventDate "2011.??.??"]


1. d4 d5 2. c4 dxc4 3. Nc3 e6 4. e4 c6 5. a4 Bb4 6. Bxc4 Na6 7. Nf3 Nf6 8. Qc2
g6 9. Bg5 h6 10. Bxf6 Qxf6 11. e5 Qf4 12. O-O O-O 13. Ne4 f5 14. Nf6+ Rxf6 15.
exf6 Bd7 16. Rad1 b5 17. Bxe6+ Bxe6 18. Qxc6 Nc7 19. Ne5 Rc8 20. f7+ Bxf7 21.
Nxf7 Kxf7 22. Qd7+ Kf6 23. Qxc8 Bd6 24. g3 Qf3 25. Qd8+ Ke6 26. axb5 f4 27.
Rfe1+ Kd5 28. Re5+ Kc4 29. Rc1+ Kxd4 30. Qxd6+ Nd5 31. Rxd5+ Qxd5 32. Rd1+ 1-0

[Event "Damhusmesterskabet Gruppe D 2011"]
[Site "Rodovre"]
[Date "2011.09.27"]
[Round "4"]
[White "Dyremose, Morten Sigvart"]
[Black "Breinholt, Bendt"]
[Result "1-0"]
[WhiteElo "1115"]
[BlackElo "1000"]
[PlyCount "43"]
[EventDate "2011.??.??"]


1. e4 e5 2. Nf3 Nc6 3. Bc4 Bc5 4. d3 Nf6 5. Bg5 O-O 6. a3 a5 7. Nc3 Qe8 8. Nd5
Bb6 9. Bxf6 Bc5 10. Qd2 h6 11. Nxc7 gxf6 12. Nxe8 Rxe8 13. Qxh6 Re6 14. Bxe6
Bd4 15. Qxf6 dxe6 16. Ng5 Nd8 17. Qxd8+ Kg7 18. Qe7 Bxb2 19. Qxf7+ Kh6 20. h4
Bc3+ 21. Kd1 Bxa1 22. Qh7# 1-0

[Event "Damhusmesterskabet Gruppe D 2011"]
[Site "Rodovre"]
[Date "2011.09.27"]
[Round "4"]
[White "Jorgensen, Henry Lund"]
[Black "Wadtland, Flemming"]
[Result "1/2-1/2"]
[WhiteElo "1316"]
[BlackElo "1061"]
[PlyCount "56"]
[EventDate "2011.??.??"]


1. e4 c6 2. Nf3 d5 3. exd5 cxd5 4. d4 Nf6 5. c4 e6 6. Nc3 dxc4 7. Bxc4 Be7 8.
O-O O-O 9. Bf4 a6 10. Qc2 b5 11. Bd3 Bb7 12. Ne4 Nxe4 13. Bxe4 Bxe4 14. Qxe4
Ra7 15. Rfe1 Rd7 16. Rad1 Rd5 17. Rc1 Bd6 18. a3 Bxf4 19. Qxf4 h6 20. Rc7 Qd6
21. Qxd6 Rxd6 22. Rec1 Rfd8 23. Rc8 f6 24. Kf1 g5 25. g4 Kf7 26. Rxd8 Rxd8 27.
Ke2 Kg6 28. Ke3 Rd6 1/2-1/2

[Event "Damhusmesterskabet Gruppe D 2011"]
[Site "Rodovre"]
[Date "2011.09.29"]
[Round "4"]
[White "Wisal, Zoran"]
[Black "Grum Schwensen, Jens"]
[Result "1/2-1/2"]
[WhiteElo "1375"]
[BlackElo "1300"]
[PlyCount "90"]
[EventDate "2011.??.??"]


1. e4 e5 2. Nf3 Nc6 3. Nc3 Nf6 4. d4 exd4 5. Nxd4 Be7 6. Be2 d6 7. Bf3 O-O 8.
O-O Ne5 9. h3 c6 10. Be2 c5 11. Nf3 Bd7 12. Nxe5 dxe5 13. Bf3 Bc6 14. Nd5 Bd6
15. Bg5 Bxd5 16. exd5 Rb8 17. Be4 Be7 18. Bxf6 Bxf6 19. c4 b5 20. b3 Qd6 21.
Qc2 h6 22. a3 Rfc8 23. cxb5 Rxb5 24. Qc4 Rbb8 25. Rfc1 Kf8 26. Rab1 Be7 27. Qd3
Bd8 28. Rc4 g6 29. g4 Bg5 30. b4 a5 31. Rxc5 Rxc5 32. bxc5 Rxb1+ 33. Qxb1 Qxc5
34. Qb8+ Kg7 35. Qxe5+ Bf6 36. Qg3 Qd4 37. Qd3 Qxd3 38. Bxd3 Be7 39. a4 Kf6 40.
Bb5 g5 41. Kg2 Ke5 42. Bc6 Kf4 43. f3 Bc5 44. Be8 f6 45. Bc6 Bd6 1/2-1/2

[Event "Damhusmesterskabet Gruppe D 2011"]
[Site "Rodovre"]
[Date "2011.09.27"]
[Round "4"]
[White "Gemzoe, Bjorn"]
[Black "Hansen, Soren Sonderkaer"]
[Result "1-0"]
[WhiteElo "1343"]
[BlackElo "1300"]
[PlyCount "71"]
[EventDate "2011.??.??"]


1. e4 e5 2. Bc4 Nf6 3. d3 Bc5 4. a3 d6 5. b4 Bb6 6. Ne2 Ng4 7. O-O Qf6 8. Qe1
Nc6 9. c3 Bd7 10. h3 Nh6 11. Be3 Qg6 12. Ng3 Bxe3 13. fxe3 O-O-O 14. Qf2 Rhf8
15. Nf5 Nxf5 16. exf5 Qg5 17. e4 g6 18. b5 Ne7 19. Qxa7 Nc6 20. bxc6 Bxc6 21.
f6 b6 22. Qa6+ Kd7 23. Bb5 Qe3+ 24. Kh1 Qe2 25. Bxc6+ Kxc6 26. Qc4+ Kb7 27. Rg1
h5 28. a4 Qf2 29. Na3 Qxf6 30. a5 bxa5 31. Rgb1+ Kc8 32. Nb5 c5 33. Rxa5 Rfe8
34. Qd5 Kd7 35. Ra7+ Kc8 36. Qb7# 1-0

[Event "Damhusmesterskabet Gruppe D 2011"]
[Site "Rodovre"]
[Date "2011.10.04"]
[Round "5"]
[White "Jorgensen, Henry Lund"]
[Black "Stentsoe, Daniel"]
[Result "1-0"]
[WhiteElo "1316"]
[BlackElo "1000"]
[PlyCount "57"]
[EventDate "2011.??.??"]


1. e4 e5 2. Nf3 Nf6 3. Nc3 d6 4. Bc4 Be6 5. Bxe6 fxe6 6. Ng5 Qe7 7. d3 d5 8. d4
exd4 9. Qxd4 e5 10. Qa4+ Qd7 11. Qxd7+ Nbxd7 12. Nxd5 O-O-O 13. Nf7 Bc5 14. Be3
Rhf8 15. Nxd8 Rxd8 16. Bxc5 Nxc5 17. O-O-O Rd7 18. Nxf6 gxf6 19. Rxd7 Nxd7 20.
g3 Nc5 21. f3 b6 22. g4 Kd7 23. h4 h6 24. g5 hxg5 25. h5 Ne6 26. h6 Nf8 27. h7
Nxh7 28. Rxh7+ Kd6 29. Rf7 1-0

[Event "Damhusmesterskabet Gruppe D 2011"]
[Site "Rodovre"]
[Date "2011.10.04"]
[Round "5"]
[White "Dyremose, Morten Sigvart"]
[Black "Wadtland, Flemming"]
[Result "1-0"]
[WhiteElo "1115"]
[BlackElo "1061"]
[PlyCount "55"]
[EventDate "2011.??.??"]


1. e4 c6 2. Nc3 d5 3. exd5 cxd5 4. d4 g6 5. Bb5+ Nc6 6. Nf3 f6 7. O-O Bg7 8.
Re1 e6 9. Bf4 Nge7 10. Qe2 a6 11. Bxc6+ bxc6 12. Na4 g5 13. Bg3 Nf5 14. Nc5
Nxg3 15. fxg3 O-O 16. Nxe6 Bxe6 17. Qxe6+ Rf7 18. Qxc6 Rc8 19. Qxa6 Rxc2 20.
Qb5 Rc8 21. Re3 g4 22. Rae1 Rf8 23. Nd2 Rb8 24. Qa4 Ra8 25. Qb5 Rb8 26. Qa4
Rxb2 27. Re8 Rxa2 28. Rxf8+ 1-0

[Event "Damhusmesterskabet Gruppe D 2011"]
[Site "Rodovre"]
[Date "2011.10.04"]
[Round "5"]
[White "Grum Schwensen, Jens"]
[Black "Gemzoe, Bjorn"]
[Result "1/2-1/2"]
[WhiteElo "1300"]
[BlackElo "1343"]
[PlyCount "99"]
[EventDate "2011.??.??"]


1. e4 c5 2. c3 b6 3. d4 e6 4. Nf3 Bb7 5. Bd3 h6 6. O-O Nf6 7. Re1 Be7 8. Bf4
Nh5 9. Be3 Nf6 10. e5 Nd5 11. Be4 Nxe3 12. Rxe3 Bxe4 13. Rxe4 d5 14. exd6 Qxd6
15. Nbd2 O-O 16. Qe2 Nd7 17. Nc4 Qc7 18. Qd3 b5 19. Nce5 c4 20. Qc2 Nxe5 21.
dxe5 Rfd8 22. Nd4 a6 23. a3 Rd5 24. Qe2 Rad8 25. g3 Bc5 26. Rd1 Bxd4 27. Rdxd4
Rxd4 28. Rxd4 Rxd4 29. cxd4 c3 30. bxc3 Qxc3 31. Qe3 Qc4 32. Qd2 Qa4 33. Qb4
Qxb4 34. axb4 Kf8 35. Kf1 Ke7 36. Ke2 Kd7 37. Kd3 Kc6 38. g4 Kd5 39. h4 g6 40.
f3 Kc6 41. Ke4 Kb6 42. d5 exd5+ 43. Kxd5 a5 44. bxa5+ Kxa5 45. f4 b4 46. f5
gxf5 47. gxf5 b3 48. e6 fxe6+ 49. fxe6 b2 50. e7 1/2-1/2

[Event "Damhusmesterskabet Gruppe D 2011"]
[Site "Rodovre"]
[Date "2011.10.04"]
[Round "5"]
[White "Wisal, Zoran"]
[Black "Hansen, Soren Sonderkaer"]
[Result "0-1"]
[WhiteElo "1375"]
[BlackElo "1300"]
[PlyCount "128"]
[EventDate "2011.??.??"]


1. e4 e5 2. Nf3 d6 3. Nc3 Nf6 4. Be2 Nbd7 5. d4 exd4 6. Nxd4 Nc5 7. Bf3 Qe7 8.
Qe2 c6 9. Bg5 Qe5 10. Bxf6 Qxf6 11. Nb3 Nxb3 12. axb3 Be6 13. O-O Be7 14. Rfe1
Qh6 15. Ra5 g6 16. Bg4 Bd8 17. Bxe6 Bxa5 18. Qc4 O-O 19. Bg4 Bc7 20. h3 Bb6 21.
Nd1 Rae8 22. Qf1 Re5 23. Kh1 Qf4 24. g3 Qf6 25. Kg2 h5 26. Bf3 Rfe8 27. h4 d5
28. Qd3 dxe4 29. Rxe4 Rxe4 30. Bxe4 Rd8 31. Qf3 Qxf3+ 32. Bxf3 Kg7 33. Kf1 Kh6
34. Be2 g5 35. hxg5+ Kxg5 36. Bd3 Kh6 37. Kg2 Rg8 38. Kf3 Rd8 39. Ke2 Bc7 40.
Kd2 a6 41. Ke2 b5 42. Be4 Re8 43. Kf3 c5 44. Bb7 Re6 45. Ne3 Rf6+ 46. Kg2 Be5
47. g4 Bd4 48. Nf5+ Kg5 49. Nxd4 cxd4 50. gxh5 Kxh5 51. f3 Kg5 52. Kf2 Rb6 53.
Bd5 f5 54. Ke2 Rd6 55. Bb7 Kf4 56. Kd3 Ke5 57. Ke2 Rh6 58. Kd3 a5 59. c4 bxc4+
60. bxc4 Rb6 61. Ba8 Rxb2 62. f4+ Kxf4 63. Kxd4 Rb4 64. Bd5 Kg3 0-1

[Event "Damhusmesterskabet Gruppe D 2011"]
[Site "Rodovre"]
[Date "2011.10.04"]
[Round "5"]
[White "Breinholt, Bendt"]
[Black "Nielsen, Niels Holger"]
[Result "0-1"]
[WhiteElo "1000"]
[BlackElo "1355"]
[PlyCount "72"]
[EventDate "2011.??.??"]


1. e4 c5 2. Nc3 d6 3. Bc4 Nc6 4. h3 Nf6 5. Qe2 e6 6. Nf3 Be7 7. O-O O-O 8. Re1
a6 9. a4 Nd7 10. Rb1 Qc7 11. d3 Nb6 12. Bb3 Bd7 13. Ra1 Rae8 14. a5 Nc8 15. Be3
Nxa5 16. d4 Nxb3 17. cxb3 cxd4 18. Bxd4 Bc6 19. Qc4 b5 20. Qd3 Qb7 21. e5 dxe5
22. Rxe5 Rd8 23. h4 Bxf3 24. gxf3 Bf6 25. Rh5 g6 26. Rc5 Bxd4 27. Qe4 Qxe4 28.
fxe4 Bxc5 29. Rxa6 b4 30. Na4 Be7 31. Nb6 Nxb6 32. Rxb6 Rd2 33. Kg2 Rxb2 34.
Kf1 Rxb3 35. Ke1 Rd8 36. Kf1 Bxh4 0-1

[Event "Damhusmesterskabet Gruppe D 2011"]
[Site "Rodovre"]
[Date "2011.10.11"]
[Round "6"]
[White "Hansen, Soren Sonderkaer"]
[Black "Nielsen, Niels Holger"]
[Result "1-0"]
[WhiteElo "1300"]
[BlackElo "1355"]
[PlyCount "81"]
[EventDate "2011.??.??"]


1. d4 Nf6 2. Bf4 e6 3. g3 Be7 4. Nc3 O-O 5. Qd2 d5 6. Nf3 c5 7. e3 Nc6 8. Be2
b6 9. h4 Bb7 10. O-O-O Rc8 11. Ne5 a6 12. Nxc6 Rxc6 13. g4 Ne8 14. Rhg1 Bxh4
15. g5 Bxf2 16. Rg2 cxd4 17. exd4 Bxd4 18. Qxd4 f6 19. gxf6 Qxf6 20. Be5 Qe7
21. Rf1 Rc7 22. Bxc7 Qxc7 23. Kb1 e5 24. Qg4 Rf4 25. Qe6+ Qf7 26. Qxf7+ Rxf7
27. Na4 Rf6 28. Rg5 d4 29. Rxe5 Kf7 30. Bc4+ Kf8 31. Rfe1 Nd6 32. Nxb6 Nxc4 33.
Nxc4 Bc6 34. Re6 Rxe6 35. Rxe6 Bd5 36. Rxa6 Bxc4 37. Ra4 Bb5 38. Rxd4 Kf7 39.
a4 Be2 40. a5 Ke6 41. Re4+ 1-0

[Event "Damhusmesterskabet Gruppe D 2011"]
[Site "Rodovre"]
[Date "2011.10.11"]
[Round "6"]
[White "Breinholt, Bendt"]
[Black "Wisal, Zoran"]
[Result "0-1"]
[WhiteElo "1000"]
[BlackElo "1375"]
[PlyCount "86"]
[EventDate "2011.??.??"]


1. e4 e5 2. Nf3 Nc6 3. Bc4 h6 4. c3 Nf6 5. Qb3 Qe7 6. O-O b6 7. Na3 Na5 8. Qa4
Nxc4 9. Qxc4 Qc5 10. d4 exd4 11. cxd4 Qxc4 12. Nxc4 Bb7 13. e5 Nd5 14. a3 Be7
15. Ne3 Nxe3 16. Bxe3 O-O-O 17. Rac1 d6 18. h3 g5 19. e6 fxe6 20. Rfe1 Bd5 21.
Bd2 Rhg8 22. Nh2 h5 23. f4 g4 24. Nf1 gxh3 25. Re2 Rxg2+ 26. Rxg2 Bxg2 27. Ne3
Bf3 28. f5 Rg8+ 29. Kh2 exf5 30. Be1 Bg4 31. Nxg4 hxg4 32. Bd2 Kd7 33. Rf1 Rf8
34. b4 d5 35. a4 Bd6+ 36. Kh1 g3 37. Kg1 f4 38. Rf3 c5 39. b5 cxd4 40. a5 d3
41. Rxd3 f3 42. Be3 h2+ 43. Kh1 g2# 0-1

[Event "Damhusmesterskabet Gruppe D 2011"]
[Site "Rodovre"]
[Date "2011.10.11"]
[Round "6"]
[White "Wadtland, Flemming"]
[Black "Stentsoe, Daniel"]
[Result "1-0"]
[WhiteElo "1061"]
[BlackElo "1000"]
[PlyCount "67"]
[EventDate "2011.??.??"]


1. c4 e5 2. Nc3 d6 3. g3 Nf6 4. Bg2 Be6 5. Bxb7 Nbd7 6. Bxa8 Qxa8 7. f3 Bxc4 8.
d3 Be6 9. Qa4 d5 10. Nb5 Qb8 11. Qa5 Bd6 12. Nxd6+ cxd6 13. Qa3 O-O 14. Bd2 Rc8
15. Rc1 Rxc1+ 16. Bxc1 d4 17. Bd2 Nd5 18. g4 f5 19. g5 g6 20. Nh3 f4 21. Nf2
Ne3 22. Bxe3 fxe3 23. Ng4 Kg7 24. O-O h5 25. gxh6+ Kh7 26. h3 g5 27. Kg2 Nf8
28. Rc1 Bd7 29. Nf6+ Kg6 30. Nxd7 Nxd7 31. Rc6 Nc5 32. b4 Nb7 33. Qc1 Qd8 34.
Rc7 1-0

[Event "Damhusmesterskabet Gruppe D 2011"]
[Site "Rodovre"]
[Date "2011.10.11"]
[Round "6"]
[White "Gemzoe, Bjorn"]
[Black "Jorgensen, Henry Lund"]
[Result "1/2-1/2"]
[WhiteElo "1343"]
[BlackElo "1316"]
[PlyCount "55"]
[EventDate "2011.??.??"]


1. e4 e5 2. d4 exd4 3. Qxd4 Nc6 4. Qe3 d6 5. Nc3 Nf6 6. h3 Qe7 7. Bd2 a6 8. Bd3
g6 9. g4 Bg7 10. g5 Nd7 11. Nge2 Nde5 12. Nd5 Qd8 13. c3 Nxd3+ 14. Qxd3 Ne5 15.
Qg3 c6 16. Nb4 Qe7 17. O-O-O Be6 18. b3 a5 19. Nc2 a4 20. c4 axb3 21. axb3 b5
22. Bc3 bxc4 23. bxc4 Bxc4 24. Rd2 O-O 25. f4 Nd3+ 26. Rxd3 Bxd3 27. Qxd3 Bxc3
28. Nxc3 1/2-1/2

[Event "Damhusmesterskabet Gruppe D 2011"]
[Site "Rodovre"]
[Date "2011.10.11"]
[Round "6"]
[White "Grum Schwensen, Jens"]
[Black "Dyremose, Morten Sigvart"]
[Result "1-0"]
[WhiteElo "1300"]
[BlackElo "1115"]
[PlyCount "109"]
[EventDate "2011.??.??"]


1. d4 Nf6 2. Nf3 d6 3. Nc3 g6 4. e4 e6 5. Be2 Nc6 6. O-O Bg7 7. h3 b6 8. d5
exd5 9. exd5 Ne7 10. Bb5+ Bd7 11. Qd3 O-O 12. a3 Bxb5 13. Qxb5 a6 14. Qb3 h6
15. Be3 Nf5 16. Rad1 Re8 17. Bd4 Ne4 18. Nxe4 Rxe4 19. Bxg7 Kxg7 20. Qc3+ Kg8
21. Nd4 Nh4 22. Qg3 Qf6 23. c3 Nf5 24. Nxf5 Qxf5 25. Qd3 Qe5 26. Qb1 Re8 27.
Qc1 Qh5 28. Rd3 Qe2 29. Rd2 Qh5 30. b3 g5 31. Rd3 f5 32. Re3 g4 33. Rxe4 Rxe4
34. f3 gxf3 35. Rxf3 Qh4 36. Kh2 Kh7 37. Rxf5 Qe7 38. Qf1 Kg8 39. Qf3 Re3 40.
Qg4+ Qg7 41. Qxg7+ Kxg7 42. Rf3 Rxf3 43. gxf3 Kf6 44. f4 Kf5 45. Kg3 h5 46. Kf3
h4 47. a4 b5 48. a5 Kg6 49. Kg4 Kf6 50. b4 Kg6 51. f5+ Kf6 52. Kf4 Kf7 53. Kg5
Kg7 54. Kxh4 Kf6 55. Kg4 1-0